| 000 | 02026nam0a2200349 4500 | ||
|---|---|---|---|
| 001 | RU\NLR\bibl\1383107 | ||
| 005 | 20260407203150.0 | ||
| 010 |
_a978-5-288-04793-0 _9300 |
||
| 021 |
_aRU _b2009-61282 _93779 |
||
| 035 | _a(NLR Aleph) 001375182 | ||
| 090 |
_a1066862 _c1066862 |
||
| 100 | _a20090618d2009 |||y0rusy50 ca | ||
| 101 | 0 | _arus | |
| 102 | _aRU | ||
| 105 | _aa ||||||||| | ||
| 200 | 1 |
_aХрам Духа в храме науки _eматериалы юбилейной конференции, посвященной 170-летию университетского храма святых апостолов Петра и Павла _f[сост. и отв. ред. прот. Кирилл Копейкин] |
|
| 210 |
_aСанкт-Петербург _cИзд-во Санкт-Петербургского университета _d2009 |
||
| 215 |
_a373, [1] с., [8] л. ил., цв. ил., портр. _d20 |
||
| 316 |
_aС автогр. сост. _5NLR |
||
| 320 | _aБиблиогр. в подстроч. примеч. | ||
| 601 | 0 | 2 |
_aХрам святых апостолов Петра и Павла _cСанкт-Петербург, город _jСъезды, совещания и т.п. _92558816 _3RU\NLR\auth\661513734 |
| 686 | _aЭ372.24-655я431 | ||
| 702 | 1 |
_4220 _7ca _8rus _aКопейкин _bК. В. _f1959- _gКирилл Владимирович _948144 _3RU\NLR\auth\7765215 |
|
| 711 | 1 | 2 |
_a"Храм Духа в храме науки", юбилейная конференция, посвященная 170-летию университетского храма святых апостолов Петра и Павла _eСанкт-Петербург _f2007 _9765784 _3RU\NLR\AUTH\8810134893 |
| 801 | 0 |
_aRU _bNLR _c20090618 _gRCR |
|
| 801 | 1 |
_aRU _bNLR _c20090618 |
|
| 942 | _cBOOK | ||
| 980 | _aNB | ||